| 000 | 00501nam a2200193Ia 4500 | ||
|---|---|---|---|
| 008 | 220531s9999 xx 000 0 und d | ||
| 041 | _aeng | ||
| 082 | _bHUM / THO | ||
| 100 |
_aThomson, Geroge _976896 |
||
| 245 | _aHuman Essece: The Sources of Science and Art | ||
| 250 | _a1ST | ||
| 260 |
_aLucknow _bRahul Foundation _c2014 |
||
| 300 | _a114 | ||
| 542 | _d20-03-2017 | ||
| 551 |
_aGeneral _bGrantable |
||
| 650 |
_aGeneral _976897 |
||
| 906 |
_d2016-2017 _f10701 |
||
| 999 |
_c42692 _d42692 |
||